[Event "Poznan op 24th"]
[Site "Poznan"]
[Date "2016.08.13"]
[Round "6"]
[White "Piasecki, Andrzej"]
[Black "Steinke, Katarzyna"]
[Result "1-0"]
[WhiteElo "1316"]
[BlackElo "1015"]
[PlyCount "102"]
[EventDate "2016.08.08"]
[EventType "swiss"]
[EventRounds "9"]
[EventCountry "POL"]
[SourceTitle "CBM 173 Extra"]
[Source "ChessBase"]
[SourceDate "2016.08.29"]
[SourceVersion "1"]
[SourceVersionDate "2016.08.29"]
[SourceQuality "1"]

1. a4 e5 2. b3 d5 3. Ba3 c5 4. e3 Nf6 5. Bb5+ Bd7 6. c4 a6 7. Bxd7+ Nbxd7 8. cxd5 Nxd5 9. Nc3 N5f6 10. Nf3 Be7 11. 0-0 0-0 12. d4 e4 13. Ng5 cxd4 14. Bxe7 Qxe7 15. exd4 e3 16. Re1 Ng4 17. Qxg4 exf2+ 18. Kxf2 Qf6+ 19. Kg1 Nb8 20. Qh4 h6 21. Nf3 Qb6 22. Rab1 Nc6 23. Nd5 Qa5 24. Ne7+ Nxe7 25. Rxe7 Qd8 26. Rxb7 Qd5 27. Qe7 a5 28. Qd7 Qxd7 29. Rxd7 Rab8 30. Ra7 Ra8 31. Rxa8 Rxa8 32. b4 Rb8 33. b5 Kf8 34. Kf2 Ke7 35. b6 Kd6 36. Rb5 Kc6 37. Rxa5 Rxb6 38. Rc5+ Kd6 39. a5 Ra6 40. h4 h5 41. Ke3 g6 42. Ne5 Ra7 43. Ke4 f5+ 44. Kf4 Rb7 45. Rc6+ Kd5 46. Rxg6 Kxd4 47. Kxf5 Rb5 48. Rd6+ Kc5 49. Ke6 Rxa5 50. Rd5+ Kb6 51. Rxa5 Kxa5 1-0

[Event "Poznan op 24th"]
[Site "Poznan"]
[Date "2016.08.13"]
[Round "7"]
[White "Steinke, Katarzyna"]
[Black "Piechocki, Bronislaw"]
[Result "0-1"]
[WhiteElo "1015"]
[BlackElo "1466"]
[PlyCount "88"]
[EventDate "2016.08.08"]
[EventType "swiss"]
[EventRounds "9"]
[EventCountry "POL"]
[SourceTitle "CBM 173 Extra"]
[Source "ChessBase"]
[SourceDate "2016.08.29"]
[SourceVersion "1"]
[SourceVersionDate "2016.08.29"]
[SourceQuality "1"]

1. e4 d6 2. d4 Nf6 3. Nc3 g6 4. Bb5+ c6 5. Bc4 Bg7 6. Nf3 0-0 7. 0-0 Qc7 8. Qd3 c5 9. d5 Nfd7 10. Ng5 Ne5 11. Qh3 h6 12. Ne6 fxe6 13. dxe6 Rf6 14. Nd5 Qd8 15. Nxf6+ Bxf6 16. Qxh6 Qf8 17. Qh3 Nbc6 18. Bh6 Bg7 19. Bg5 Nd4 20. f4 Nxc2 21. Rac1 Nd4 22. f5 gxf5 23. exf5 Bf6 24. Be3 Nec6 25. Qg4+ Qg7 26. Qh5 Ne5 27. Bh6 Qg4 28. Qf7+ Nxf7 29. exf7+ Kh7 30. f8Q Nxf5 31. Qf7+ Kxh6 32. h3 Qg6 33. Qd5 Nd4 34. Rce1 Bxh3 35. Re3 Bd7 36. Qxb7 Rd8 37. Qc7 Nc6 38. Bd3 Qg5 39. Qb7 Qxe3+ 40. Kh1 Qxd3 41. Rxf6+ exf6 42. a4 Rg8 43. Qxd7 Qf1+ 44. Kh2 Qxg2# 0-1